[Event "EU-ch (Women) 24th"]
[Site "Rhodes"]
[Date "2024.04.19"]
[Round "1"]
[White "Valkova, Angelika"]
[Black "Savina, Anastasia"]
[Result "1/2-1/2"]
[WhiteElo "2009"]
[BlackElo "2330"]
[PlyCount "69"]
[EventDate "2024.04.19"]
[EventType "swiss"]
[EventRounds "10"]
[EventCountry "GRE"]
[SourceTitle "CB18_2024"]
[SourceDate "2024.05.01"]
[SourceVersion "1"]
[SourceVersionDate "2024.05.01"]
[SourceQuality "2"]

1. d4 Nf6 2. c4 g6 3. Nc3 Bg7 4. e4 d6 5. h3 e5 6. dxe5 dxe5 7. Qxd8+ Kxd8 8. Nf3 Nc6 9. Be3 Be6 10. 0-0-0+ Nd7 11. g4 Kc8 12. Be2 b6 13. Ng5 Nd4 14. Nxe6 fxe6 15. f4 Nxe2+ 16. Nxe2 exf4 17. Nxf4 Re8 18. Rhf1 Ne5 19. Bd4 Re7 20. b3 Kb7 21. Kc2 Rae8 22. Ne2 Nd7 23. Bxg7 Rxg7 24. Rf2 Ne5 25. Rf6 Nd7 26. Rf2 Nc5 27. Nc3 Kc8 28. g5 a6 29. Rdf1 Kd8 30. Rd2+ Rd7 31. Rf7 Ree7 32. Rf8+ Re8 33. Rf7 Ree7 34. Rf8+ Re8 35. Rf7 1/2-1/2

[Event "Arco op 45th"]
[Site "Arco"]
[Date "2023.10.10"]
[Round "4"]
[White "Zeller, Frank"]
[Black "Valkova, Angelika"]
[Result "1-0"]
[WhiteElo "2343"]
[BlackElo "2038"]
[PlyCount "53"]
[EventDate "2023.10.07"]
[EventType "swiss"]
[EventRounds "9"]
[EventCountry "ITA"]
[SourceTitle "Mega2024 Update 01"]
[Source "Chessbase"]
[SourceDate "2023.11.12"]
[SourceVersion "1"]
[SourceVersionDate "2023.11.12"]
[SourceQuality "1"]

1. c4 e6 2. Nf3 d5 3. g3 d4 4. Bg2 Nc6 5. 0-0 Bc5 6. e3 Nge7 7. Ng5 Nf5 8. Nxf7 Kxf7 9. e4 g6 10. exf5 exf5 11. d3 Bd7 12. Nd2 a5 13. Nf3 h6 14. Bf4 g5 15. Ne5+ Kf6 16. Qh5 Qe8 17. Nxd7+ Qxd7 18. Bd2 Qe8 19. Qh3 Qe2 20. Rad1 Ne5 21. f4 Ng4 22. Bf3 Qe6 23. Bxg4 fxg4 24. Qh5 Kg7 25. fxg5 Bf8 26. Rde1 Qc6 27. Qf7# 1-0

[Event "Olomouc IM-B 24th"]
[Site "Olomouc"]
[Date "2023.08.12"]
[Round "1"]
[White "Levitan, Ronit"]
[Black "Valkova, Angelika"]
[Result "1-0"]
[WhiteElo "2131"]
[BlackElo "2057"]
[PlyCount "39"]
[EventDate "2023.08.12"]
[EventType "tourn"]
[EventRounds "9"]
[EventCountry "CZE"]
[SourceTitle "CBM 215 Extra"]
[Source "ChessBase"]
[SourceDate "2023.09.30"]
[SourceVersion "1"]
[SourceVersionDate "2023.09.30"]
[SourceQuality "1"]

1. e4 d5 2. exd5 Qxd5 3. Nc3 Qa5 4. d4 Nf6 5. Nf3 Bf5 6. Bd2 e6 7. Bc4 Bb4 8. Qe2 c6 9. 0-0-0 b5 10. Bb3 0-0 11. Ne5 Bxc3 12. Bxc3 b4 13. Bd2 Qb6 14. g4 Be4 15. g5 Bxh1 16. gxf6 Bd5 17. Bh6 g6 18. Qe3 Rc8 19. Bf8 Qd8 20. Be7 1-0

[Event "EU-ch (Women) 23rd"]
[Site "Petrovac"]
[Date "2023.03.27"]
[Round "9"]
[White "Kobak, Polina"]
[Black "Valkova, Angelika"]
[Result "1/2-1/2"]
[WhiteElo "1815"]
[BlackElo "2055"]
[PlyCount "52"]
[EventDate "2023.03.18"]
[EventType "swiss"]
[EventRounds "11"]
[EventCountry "MNE"]
[SourceTitle "CBM 213 Extra"]
[Source "ChessBase"]
[SourceDate "2023.05.31"]
[SourceVersion "1"]
[SourceVersionDate "2023.05.31"]
[SourceQuality "1"]

1. d4 Nf6 2. c4 c5 3. d5 b5 4. cxb5 a6 5. bxa6 e6 6. Nc3 exd5 7. Nxd5 Be7 8. e3 0-0 9. Nf3 Nxd5 10. Qxd5 Ra7 11. Bc4 Nxa6 12. Qd1 Bb7 13. Bd2 d5 14. Be2 Bf6 15. 0-0 Qb6 16. Bc3 Bxc3 17. bxc3 c4 18. e4 dxe4 19. Ne5 Nc5 20. Nxc4 Qf6 21. Qd4 Qxd4 22. cxd4 Ne6 23. Nd6 Nxd4 24. Bc4 Ba6 25. Bxa6 Rxa6 26. Nxe4 Nc2 1/2-1/2

[Event "EU-ch (Women) 23rd"]
[Site "Petrovac"]
[Date "2023.03.22"]
[Round "5"]
[White "Lach, Aleksandra"]
[Black "Valkova, Angelika"]
[Result "1/2-1/2"]
[WhiteElo "2170"]
[BlackElo "2055"]
[PlyCount "132"]
[EventDate "2023.03.18"]
[EventType "swiss"]
[EventRounds "11"]
[EventCountry "MNE"]
[SourceTitle "CBM 213 Extra"]
[Source "ChessBase"]
[SourceDate "2023.05.31"]
[SourceVersion "1"]
[SourceVersionDate "2023.05.31"]
[SourceQuality "1"]

1. e4 d5 2. exd5 Qxd5 3. Nc3 Qa5 4. Bc4 Nf6 5. d3 a6 6. Bd2 Qf5 7. Qf3 Nc6 8. Qxf5 Bxf5 9. h3 Nd4 10. Bb3 Bd7 11. Nge2 Nxb3 12. axb3 e5 13. 0-0 Be7 14. Rae1 0-0 15. Ng3 Bd6 16. Re2 c6 17. Nce4 Nxe4 18. Nxe4 Be7 19. Bc3 f6 20. b4 b6 21. Ra1 c5 22. bxc5 bxc5 23. Nd2 Rfe8 24. Rae1 Bf8 25. Ra1 Bb5 26. b3 Kf7 27. Ba5 f5 28. f3 Re6 29. Rae1 Rae8 30. Bc7 Kf6 31. g4 g6 32. Bxe5+ Kf7 33. Kf1 Bg7 34. Bxg7 Rxe2 35. Rxe2 Rxe2 36. Kxe2 Kxg7 37. gxf5 gxf5 38. Ke3 Kf6 39. Kf4 a5 40. Nf1 a4 41. bxa4 Bxa4 42. Ne3 Bd7 43. c3 Bc8 44. d4 cxd4 45. cxd4 Be6 46. h4 Bc8 47. Nc4 Ba6 48. Ne3 Bc8 49. d5 Bb7 50. d6 Bc8 51. Nd5+ Ke6 52. Ne7 Ba6 53. Nxf5 Bd3 54. Ng7+ Kxd6 55. Kg5 Ke7 56. f4 Kf7 57. Kh6 Kf6 58. Nh5+ Kf5 59. Kxh7 Kg4+ 60. Kh6 Kxh4 61. Nf6 Bf5 62. Kg7 Kg3 63. Nh5+ Kg4 64. Kh6 Be4 65. Nf6+ Kxf4 66. Nxe4 Kxe4 1/2-1/2

[Event "Sharjah Cup (Women) 12th"]
[Site "Sharjah"]
[Date "2022.12.12"]
[Round "5"]
[White "Valkova, Angelika"]
[Black "Novikova, Margarita"]
[Result "1/2-1/2"]
[WhiteElo "2076"]
[BlackElo "1982"]
[PlyCount "44"]
[EventDate "2022.12.09"]
[EventType "swiss"]
[EventRounds "9"]
[EventCountry "UAE"]
[SourceTitle "CBM 211 Extra"]
[Source "ChessBase"]
[SourceDate "2023.01.31"]
[SourceVersion "1"]
[SourceVersionDate "2023.01.31"]
[SourceQuality "1"]

1. d4 d5 2. c4 c6 3. cxd5 cxd5 4. Nc3 Nc6 5. Nf3 Nf6 6. Bf4 a6 7. e3 Bg4 8. Be2 e6 9. 0-0 Bd6 10. Bxd6 Qxd6 11. Rc1 0-0 12. Na4 Ne4 13. Nc5 Nxc5 14. dxc5 Qd8 15. Nd4 Bxe2 16. Qxe2 Qd7 17. a3 e5 18. Nxc6 bxc6 19. b4 d4 20. Rfd1 Rfd8 21. exd4 exd4 22. Qd3 Qd5 1/2-1/2

[Event "Sharjah Cup (Women) 12th"]
[Site "Sharjah"]
[Date "2022.12.09"]
[Round "1"]
[White "Valkova, Angelika"]
[Black "Anoud, Eisa Bashkardi"]
[Result "1-0"]
[WhiteElo "2076"]
[BlackElo "1388"]
[PlyCount "79"]
[EventDate "2022.12.09"]
[EventType "swiss"]
[EventRounds "9"]
[EventCountry "UAE"]
[SourceTitle "CBM 211 Extra"]
[Source "ChessBase"]
[SourceDate "2023.01.31"]
[SourceVersion "1"]
[SourceVersionDate "2023.01.31"]
[SourceQuality "1"]

1. d4 Nf6 2. c4 g6 3. Nc3 Bg7 4. e4 d6 5. h3 0-0 6. Be3 e5 7. d5 a5 8. g4 Na6 9. Qd2 Nd7 10. h4 Ndc5 11. f3 f6 12. h5 g5 13. h6 Bh8 14. b3 Bd7 15. Rb1 Be8 16. Nge2 Rf7 17. Ng3 Nd7 18. Nf5 b6 19. Bd3 Nf8 20. Kf2 Ng6 21. Ne2 Nf4 22. Bxf4 exf4 23. Ned4 Bd7 24. a3 Bxf5 25. exf5 Nc5 26. Ne6 Qc8 27. Rb2 Nd7 28. b4 axb4 29. axb4 Ne5 30. Be2 Ra3 31. Ra2 Rxa2 32. Qxa2 c6 33. Ra1 Rb7 34. dxc6 Nxc6 35. c5 Rf7 36. Qa8 Nb8 37. c6 Re7 38. c7 Rxc7 39. Nxc7 Qxc7 40. Ra7 1-0

[Event "Arco op 44th"]
[Site "Arco"]
[Date "2022.10.14"]
[Round "7"]
[White "Valkova, Angelika"]
[Black "Fauth, Dietmar"]
[Result "1/2-1/2"]
[WhiteElo "2008"]
[BlackElo "2145"]
[PlyCount "145"]
[EventDate "2022.10.08"]
[EventType "swiss"]
[EventRounds "9"]
[EventCountry "ITA"]
[SourceTitle "CBM 210 Extra"]
[Source "ChessBase"]
[SourceDate "2022.11.30"]
[SourceVersion "1"]
[SourceVersionDate "2022.11.30"]
[SourceQuality "1"]

1. d4 Nf6 2. c4 e6 3. Nc3 Bb4 4. Qb3 c5 5. dxc5 Nc6 6. Nf3 Ne4 7. Bd2 Nxd2 8. Nxd2 Bxc5 9. g3 b6 10. Bg2 Bb7 11. 0-0 Nd4 12. Qa4 Bxg2 13. Kxg2 0-0 14. Nde4 f5 15. Nxc5 bxc5 16. e3 Nc6 17. Qb5 Rb8 18. Qxc5 Qf6 19. Na4 g5 20. b3 f4 21. exf4 gxf4 22. f3 Qg7 23. Rad1 Rf7 24. g4 Re8 25. Qh5 Ref8 26. Kh1 e5 27. Rd5 Re7 28. Nc5 Rf6 29. Rxd7 Rxd7 30. Qe8+ Rf8 31. Qxd7 Qxd7 32. Nxd7 Rd8 33. Nf6+ Kf7 34. Nd5 Nd4 35. Kg2 Rd6 36. Rf2 a5 37. Rb2 Rc6 38. Nc3 h5 39. gxh5 Rh6 40. b4 axb4 41. Rxb4 Rxh5 42. Ne4 Rh8 43. Rb7+ Ke6 44. a4 Rg8+ 45. Kf2 Rh8 46. h3 Rc8 47. Rb6+ Ke7 48. c5 Ra8 49. Rb4 Rh8 50. Rb7+ Ke6 51. a5 Kd5 52. Rd7+ Kc4 53. a6 Rxh3 54. Kg2 Rh6 55. Rd6 Rh7 56. Rb6 Rg7+ 57. Kf2 Ra7 58. c6 Kd5 59. Nf6+ Kc5 60. Nd7+ Kd6 61. Kg2 Kd5 62. Nb8 Rg7+ 63. Kf2 Rh7 64. Kg2 Rg7+ 65. Kf2 Rh7 66. Rb7 Rh2+ 67. Kf1 Nxf3 68. c7 Rd2 69. Rb2 Nh2+ 70. Ke1 Nf3+ 71. Kf1 Nh2+ 72. Kg1 Nf3+ 73. Kf1 1/2-1/2